000 00513nam a2200205Ia 4500
999 _c37961
_d37961
003 OSt
005 20210220103132.0
008 160316s2006 xxu||||| |||| 00| 0 eng d
020 _a9781598630626
040 _cn
082 _a5.800000
_bFAD
100 _aFadia Ankit
245 _aThe unofficial guide to ethical hacking
260 _aBolton
_bThomson Course Technology
_c2006
300 _a840p
_cxxi
365 _b Gratis
650 _a1. Computer Security2. Hackers
700 _a
_a
942 _2ddc
_cBK